Nezamestnanosť a prevzdelanosť ako situácie znižujúce kvalitu života obyvateľov Slovenska (spracovanie dát z VZPS)
Prevzdelanosť, ako aj nezamestnanosť predstavujú situácie znižujúce kvalitu života jednotlivcov. Štrukturálne súvislosti vzniku prevzdelanosti a nezamestnanosti. Údaje z výberového zisťovania pracovných síl a súvislosť týchto znakov s nezamestnanosťou a prevzdelanosťou.
Salvato in:
| Autore principale: | |
|---|---|
| Altri autori: | |
| Natura: | Capitolo di libro |
| Lingua: | slovacco |
| Soggetti: | |
| Tags: |
Nessun Tag, puoi essere il primo ad aggiungerne!!
|
MARC
| LEADER | 00000nla$a2200000$$$4500 | ||
|---|---|---|---|
| 001 | 0150078 | ||
| 005 | 20221103134303.9 | ||
| 041 | 0 | |a slo | |
| 044 | |a SK | ||
| 245 | 1 | 0 | |a Nezamestnanosť a prevzdelanosť ako situácie znižujúce kvalitu života obyvateľov Slovenska (spracovanie dát z VZPS) |c Miroslav Štefánik, Zuzana Hoštáková |
| 520 | |a Prevzdelanosť, ako aj nezamestnanosť predstavujú situácie znižujúce kvalitu života jednotlivcov. Štrukturálne súvislosti vzniku prevzdelanosti a nezamestnanosti. Údaje z výberového zisťovania pracovných síl a súvislosť týchto znakov s nezamestnanosťou a prevzdelanosťou. | ||
| 610 | 2 | 0 | |a zamestnanosť |
| 610 | 2 | 0 | |a miera zamestnanosti |
| 610 | 2 | 0 | |a rezervy síl pracovných |
| 610 | 2 | 0 | |a výber zamestnania |
| 610 | 2 | 0 | |a ponuka práce |
| 610 | 2 | 0 | |a dopyt po práci |
| 610 | 2 | 0 | |a vzdelanie |
| 610 | 2 | 0 | |a nezamestnanosť |
| 610 | 2 | 0 | |a kvalita života |
| 100 | 1 | |a Štefánik, Miroslav | |
| 700 | 1 | |a Hoštáková, Zuzana | |